Beutaztatás a gyakorlatban – utazási irodák tevékenysége és működése a Premium Incoming utazási iroda példáján keresztül

Bibliográfiai részletek
Szerző: Kovács-Beősze Réka
További közreműködők: Horváth Vanda
Dokumentumtípus: Projektmunka
Kulcsszavak:beutaztatás
turizmus
utazás
utazási irodák
utazásszervezés
Online Access:http://dolgozattar.uni-bge.hu/60316

MARC

LEADER 00000nnm a2200000 i 4500
001 dolg60316
005 20260409150309.0
008 260409suuuu hu o 000 hun d
040 |a BGE Dolgozattár Repozitórium  |b hun 
041 |a hu 
100 1 |a Kovács-Beősze Réka 
245 1 0 |a Beutaztatás a gyakorlatban – utazási irodák tevékenysége és működése a Premium Incoming utazási iroda példáján keresztül  |c Kovács-Beősze Réka  |h [elektronikus dokumentum] 
516 |a Project_work 
520 3 |a Családomnak köszönhetően már fiatalon lehetőségem nyílt több országot felfedezni, ezek az élmények alapvetően formálták az utazás és a turizmus iránti érdeklődésemet. Különösen Spanyolország kultúrája, gasztronómiája és nyelve ragadott meg, ezért néhány éve spanyolul is tanulok, bízva abban, hogy tudásomat a jövőben szakmai területen is kamatoztathatom. E két érdeklődési területem találkozásaként szakmai gyakorlatomat egy spanyol központú utazási irodánál végeztem, amely több európai országban is jelen van, főként csoportos beutaztatással foglalkozva. Dolgozatomban az utazási irodák működését, típusait és szerepét vizsgálom, különös figyelmet fordítva a beutaztatás jelentőségére. Elemzem, hogy Magyarországra mely nemzetiségek érkeznek leggyakrabban, valamint milyen céllal látogatnak hozzánk. Bemutatom a gyakorlat során végzett feladataimat, a cég marketingtevékenységét, valamint a legnépszerűbb programlehetőségeket Budapesten és vidéken. A dolgozat zárásaként kutatásom módszerét és eredményeit ismertetem. 
695 |a beutaztatás 
695 |a turizmus 
695 |a utazás 
695 |a utazási irodák 
695 |a utazásszervezés 
700 1 |a Horváth Vanda  |e ths 
856 4 0 |u http://dolgozattar.uni-bge.hu/60316/1/Beutaztat%C3%A1s%20a%20gyakorlatban%20%E2%80%93%20utaz%C3%A1si%20irod%C3%A1k%20tev%C3%A9kenys%C3%A9ge%20%C3%A9s%20m%C5%B1k%C3%B6d%C3%A9se%20a%20Premium%20Incoming%20utaz%C3%A1si%20iroda%20p%C3%A9ld%C3%A1j%C3%A1n%20kereszt%C3%BCl.pdf  |z Dokumentum-elérés 
856 4 0 |u http://dolgozattar.uni-bge.hu/60316/2/B%C3%ADr%C3%A1lati%20lap_FOSZK_KovacsBe%C5%91szeReka_HV.pdf  |z Dokumentum-elérés